All Graded Races by Japan Racing Association (JRA) - Statistics

General Stats
  • This quiz has been taken 17 times
  • The average score is 38 of 130
Answer Stats
Month Race name Grade Distance Racecourse Age/Sex 2024 Winner % Correct
December Arima Kinen GI 2500/Turf Nakayama 3yo+ c&f Museum Mile
93%
October Kikuka Sho GI 3000/Turf Kyoto 3yo excl. geldings Energico
93%
June Takarazuka Kinen GI 2200/Turf Hanshin 3yo+ Meisho Tabaru
93%
May Tenno Sho (Spring) GI 3200/Turf Kyoto 4yo+ Redentor
93%
June Tokyo Yushun (Japanese Derby) GI 2400/Turf Tokyo 3yo excl. geldings Croix du Nord
93%
November Japan Cup GI 2400/Turf Tokyo 3yo+ Calandagan (FRA)
87%
April Oka Sho GI 1600/Turf Hanshin 3yo f Embroidery
87%
April Satsuki Sho GI 2000/Turf Nakayama 3yo excl. geldings Museum Mile
87%
October Shuka Sho GI 2000/Turf Kyoto 3yo f Embroidery
87%
November Tenno Sho (Autumn) GI 2000/Turf Tokyo 3yo+ Masquerade Ball
87%
May NHK Mile Cup GI 1600/Turf Tokyo 3yo excl. geldings Panja Tower
80%
November Queen Elizabeth II Cup GI 2200/Turf Kyoto 3yo+ f Regaleira
80%
December Asahi Hai Futurity Stakes GI 1600/Turf Hanshin 2yo excl. geldings Cavallerizzo
73%
February February Stakes GI 1600/Dirt Tokyo 4yo+ Costa Nova
73%
December Hopeful Stakes GI 2000/Turf Nakayama 2yo excl. geldings Lovcen
73%
November Mile Championship GI 1600/Turf Kyoto 3yo+ Jantar Mantar
73%
April Osaka Hai GI 2000/Turf Hanshin 4yo+ Bellagio Opera
73%
September Sprinters Stakes GI 1200/Turf Nakayama 3yo+ Win Carnelian
73%
June Yasuda Kinen GI 1600/Turf Tokyo 3yo+ Jantar Mantar
73%
May Yushun Himba (Japanese Oaks) GI 2400/Turf Tokyo 3yo f Kamunyak
73%
March Takamatsunomiya Kinen GI 1200/Turf Chukyo 4yo+ Satono Reve
67%
December Champions Cup GI 1800/Dirt Chukyo 3yo+ W Heart Bond
60%
December Hanshin Juvenile Fillies GI 1600/Turf Hanshin 2yo f Star Anise
60%
May Victoria Mile GI 1600/Turf Tokyo 4yo+ f Ascoli Piceno
60%
August Sapporo Kinen GII 2000/Turf Sapporo 3yo+ Top Knife
53%
March Yayoi Sho Deep Impact Kinen GII 2000/Turf Nakayama 3yo Faust Rasen
53%
September All Comers GII 2200/Turf Nakayama 3yo+ Regaleira
47%
March Hanshin Daishoten GII 3000/Turf Hanshin 4yo+ Sunrise Earth
47%
August Ibis Summer Dash GIII 1000/Turf Niigata 3yo+ Puro Magic
47%
October Mainichi Okan GII 1800/Turf Tokyo 3yo+ Lebensstil
47%
March Nakayama Kinen GII 1800/Turf Nakayama 4yo+ Sixpence
47%
December Stayers Stakes GII 3600/Turf Nakayama 3yo+ Hohelied
47%
March Tulip Sho GII 1600/Turf Hanshin 3yo f Kurino Mei
47%
March Spring Stakes GII 1800/Turf Nakayama 3yo c&f Piko Chan Black
40%
September St. Lite Kinen GII 2200/Turf Nakayama 3yo Museum Mile
40%
April Aoba Sho GII 2400/Turf Tokyo 3yo Energico
33%
September Kobe Shimbun Hai GII 2400/Turf Hanshin 3yo c&f Eri King
33%
May Meguro Kinen GII 2500/Turf Tokyo 4yo+ Admire Terra
33%
April New Zealand Trophy GII 1600/Turf Nakayama 3yo c&f Immigrant Song
33%
June Radio Nikkei Sho GIII 1800/Turf Fukushima 3yo Excite Bio
33%
September Sapporo Nisai Stakes GIII 1800/Turf Sapporo 2yo Shonan Gulf
33%
July Hakodate Nisai Stakes GIII 1200/Turf Hakodate 2yo A Shin Deed
27%
June Hakodate Sprint Stakes GIII 1200/Turf Hakodate 3yo+ Ka Pilina
27%
January Keisei Hai GIII 2000/Turf Nakayama 3yo Nishino Agent
27%
March Kinko Sho GII 2000/Turf Chukyo 4yo+ Queen's Walk
27%
July Kokura Kinen GIII 2000/Turf Kokura 3yo+ England Eyes
27%
October Kyoto Daishoten GII 2400/Turf Kyoto 3yo+ Deep Monster
27%
January Kyoto Kimpai GIII 1600/Turf Kyoto 4yo+ Sakura Toujours
27%
May Kyoto Shimbun Hai GII 2200/Turf Kyoto 3yo Shohei
27%
March Nakayama Himba Stakes GIII 1800/Turf Nakayama 4yo+ f Shirankedo
27%
January Nakayama Kimpai GIII 2000/Turf Nakayama 4yo+ Al Naseem
27%
August Niigata Nisai Stakes GIII 1600/Turf Niigata 2yo Realize Sirius
27%
January Shinzan Kinen GIII 1600/Turf Kyoto 3yo Lila Emblem
27%
October Swan Stakes GII 1400/Turf Kyoto 3yo+ Off Trail
27%
July Tanabata Sho GIII 2000/Turf Fukushima 3yo+ Cosmo Fliegen
27%
January American Jockey Club Cup GII 2200/Turf Nakayama 4yo+ Danon Decile
20%
August Chukyo Kinen GIII 1600/Turf Chukyo 3yo+ Ma Puce
20%
November Copa Republica Argentina GII 2500/Turf Tokyo 3yo+ Mystery Way
20%
November Daily Hai Nisai Stakes GII 1600/Turf Kyoto 2yo Admire Quads
20%
May Epsom Cup GIII 1800/Turf Tokyo 3yo+ Seiun Hades
20%
March Fillies' Revue GII 1400/Turf Hanshin 3yo f Shonan Xanadu
20%
October Fuji Stakes GII 1600/Turf Tokyo 3yo+ Gaia Force
20%
November Fukushima Kinen GIII 2000/Turf Fukushima 3yo+ Nishino Ti Amo
20%
July Hakodate Kinen GIII 2000/Turf Hakodate 3yo+ Veloce Era
20%
August Keeneland Cup GIII 1200/Turf Sapporo 3yo+ Panja Tower
20%
May Keio Hai Spring Cup GII 1400/Turf Tokyo 4yo+ Toshin Macau
20%
February Kyoto Kinen GII 2200/Turf Kyoto 4yo+ Yoho Lake
20%
March Mainichi Hai GIII 1800/Turf Hanshin 3yo Fandom
20%
January Nikkei Shinshun Hai GII 2400/Turf Kyoto 4yo+ Lord del Rey
20%
March Nikkei Sho GII 2500/Turf Nakayama 4yo+ Meiner Emperor
20%
February Queen Cup GIII 1600/Turf Tokyo 3yo f Embroidery
20%
July Tokai Stakes GIII 1400/Dirt Chukyo 3yo+ Yamanin Ours
20%
August CBC Sho GIII 1200/Turf Chukyo 3yo+ Invincible Papa
13%
August Chukyo Nisai Stakes GIII 1400/Turf Chukyo 2yo Candide
13%
February Diamond Stakes GIII 3400/Turf Tokyo 4yo+ Redentor
13%
August Elm Stakes GIII 1700/Dirt Sapporo 3yo+ Perriere
13%
January Fairy Stakes GIII 1600/Turf Nakayama 3yo f Erika Express
13%
March Falcon Stakes GIII 1400/Turf Chukyo 3yo Yankee Barows
13%
March Flower Cup GIII 1800/Turf Nakayama 3yo f Lesedrama
13%
June Fuchu Himba Stakes GIII 1800/Turf Tokyo 3yo+ f Sekitoba East
13%
April Fukushima Himba Stakes GIII 1800/Turf Fukushima 4yo+ f Admire Matsuri
13%
December Hanshin Cup GII 1400/Turf Hanshin 3yo+ Lugal
13%
February Kisaragi Sho GIII 1800/Turf Kyoto 3yo Satono Shining
13%
January Kokura Himba Stakes GIII 2000/Turf Kokura 4yo+ f Verehrung
13%
February Kyodo Tsushin Hai GIII 1800/Turf Tokyo 3yo Masquerade Ball
13%
November Kyoto Nisai Stakes GIII 2000/Turf Kyoto 2yo Justin Vista
13%
August Leopard Stakes GIII 1800/Dirt Niigata 3yo Don In The Mood
13%
December Naruo Kinen GIII 1800/Turf Hanshin 3yo+ David Barows
13%
February Negishi Stakes GIII 1400/Dirt Tokyo 4yo+ Costa Nova
13%
August Niigata Kinen GIII 2000/Turf Niigata 3yo+ Shirankedo
13%
October Saudi Arabia Royal Cup GIII 1600/Turf Tokyo 2yo Ecoro Alba
13%
February Tokyo Shimbun Hai GIII 1600/Turf Tokyo 4yo+ Water Licht
13%
November Tokyo Sports Hai Nisai Stakes GII 1800/Turf Tokyo 2yo Peintre Naif
13%
May Unicorn Stakes GIII 1900/Dirt Kyoto 3yo Canal Beagle
13%
April Yomiuri Milers Cup GII 1600/Turf Kyoto 4yo+ Long Run
13%
October Artemis Stakes GIII 1600/Turf Tokyo 2yo f Firostefani
7%
December Capella Stakes GIII 1200/Dirt Nakayama 3yo+ T O Elvis
7%
September Centaur Stakes GII 1200/Turf Hanshin 3yo+ Kangchenjunga
7%
April Churchill Downs Cup GIII 1600/Turf Hanshin 3yo Lance of Chaos
7%
November Fantasy Stakes GIII 1400/Turf Kyoto 2yo f Festival Hill
7%
April Flora Stakes GII 2000/Turf Tokyo 3yo f Kamunyak
7%
February Hankyu Hai GIII 1400/Turf Hanshin 4yo+ Kanchenjunga
7%
April Hanshin Himba Stakes GII 1600/Turf Hanshin 4yo+ f Safira
7%
May Heian Stakes GIII 1900/Dirt Kyoto 4yo+ Outrange
7%
October Ireland Trophy GII 1800/Turf Tokyo 3yo+ f Lavanda
7%
November Keihan Hai GIII 1200/Turf Kyoto 3yo+ A T Makfi
7%
November Keio Hai Nisai Stakes GII 1400/Turf Tokyo 2yo Diamond Knot
7%
September Keisei Hai Autumn Handicap GIII 1600/Turf Nakayama 3yo+ Ho O Las Cases
7%
July Kitakyushu Kinen GIII 1200/Turf Kokura 3yo+ Yamanin Al Rihla
7%
February Kokura Daishoten GIII 1800/Turf Kokura 4yo+ Long Run
7%
April Lord Derby Challenge Trophy GIII 1600/Turf Nakayama 4yo+ Trovatore
7%
March March Stakes GIII 1800/Dirt Nakayama 4yo+ Brian Sense
7%
November Musashino Stakes GIII 1600/Dirt Tokyo 3yo+ Luxor Cafe
7%
May Niigata Daishoten GIII 2000/Turf Niigata 4yo+ Sirius Colt
7%
August Queen Stakes GIII 1800/Turf Sapporo 3yo+ f Argine
7%
September Rose Stakes GII 1800/Turf Hanshin 3yo f Kamunyak
7%
July Sekiya Kinen GIII 1600/Turf Niigata 3yo+ Kana Tape
7%
September Shion Stakes GII 2000/Turf Nakayama 3yo f Kelly Fled Ask
7%
June Shirasagi Stakes GIII 1600/Turf Hanshin 3yo+ Keep Calm
7%
March Aichi Hai GIII 1400/Turf Chukyo 4yo+ f Wide Latour
0%
April Antares Stakes GIII 1800/Dirt Hanshin 4yo+ Mikki Fight
0%
May Aoi Stakes GIII 1200/Turf Kyoto 3yo Abu Qir Bay
0%
September Challenge Cup GIII 2000/Turf Hanshin 3yo+ Allnatt
0%
December Chunichi Shimbun Hai GIII 2000/Turf Chukyo 3yo+ Shake Your Heart
0%
November Miyako Stakes GIII 1800/Dirt Kyoto 3yo+ W Heart Bond
0%
March Ocean Stakes GIII 1200/Turf Nakayama 4yo+ Mama Cocha
0%
January Procyon Stakes GIII 1800/Dirt Chukyo 4yo+ Sunday Funday
0%
February Silk Road Stakes GIII 1200/Turf Kyoto 4yo+ A Shin Fencer
0%
September Sirius Stakes GIII 2000/Dirt Hanshin 3yo+ Ho O Roulette
0%
December Turquoise Stakes GIII 1600/Turf Nakayama 3yo+ f Drop of Light
0%
No matching quizzes found
Score Distribution
Percent of People with Each Score
Percentile by Number Answered
Your Score History
You have not taken this quiz